000 00778pam a2200253 a 4500
999 _c9442
_d9442
001 9442
003 OSt
005 20180529114215.0
008 861112s1987 caua 001 0 eng
010 _a 86029216
020 _a002418361X
040 _aDLC
_cDLC
_dDLC
050 0 0 _aQA154.2
_b.S844 1987
082 0 0 _a512.9044
_219
_bSUL 1987
100 1 _aSullivan, Michael,
_d1942-
245 1 0 _aCollege algebra and trigonometry /
_cMichael Sullivan.
260 _aSan Francisco, Calif. :
_bDellen Pub. Co. ;
_aLondon :
_bCollier Macmillan,
_cc1987.
300 _axiv, 843, 89, 1, 12-19 p. :
_bill. (some col.) ;
_c25 cm.
500 _aIncludes index.
650 0 _aAlgebra.
650 0 _aTrigonometry.
906 _a7
_bcbc
_corignew
_d1
_eocip
_f19
_gy-gencatlg
942 _2ddc
_cBK